|
|
|
|
| LEADER |
00000nam0a2200000 4500 |
| 001 |
24227 |
| 005 |
20231030200120.0 |
| 010 |
|
|
|a 5836000670
|
| 035 |
|
|
|a (RuTPU)RU\TPU\book\24454
|
| 035 |
|
|
|a BOOK00024527
|
| 090 |
|
|
|a 24227
|
| 100 |
|
|
|a 20011209d2000 k y0rusy50 ca
|
| 101 |
0 |
|
|a rus
|
| 102 |
|
|
|a RU
|
| 105 |
|
|
|a y z 000zy
|
| 200 |
1 |
|
|a Теория антагонизмов и дифференциальные игры
|f Э. Р. Смольяков
|
| 210 |
|
|
|a Москва
|c Эдиториал УРСС
|d 2000
|
| 215 |
|
|
|a 159 с.
|
| 610 |
1 |
|
|a дифференциальные игры
|
| 610 |
1 |
|
|a антагонизмы
|
| 610 |
1 |
|
|a теория
|
| 610 |
1 |
|
|a игровое равновесие
|
| 610 |
1 |
|
|a оптимизация
|
| 610 |
1 |
|
|a задачи
|
| 610 |
1 |
|
|a решения
|
| 610 |
1 |
|
|a примеры
|
| 675 |
|
|
|a 517.977.8
|v 3
|
| 700 |
|
1 |
|a Смольяков
|b Э. Р.
|g Эдуард Римович
|
| 801 |
|
0 |
|a RU
|b 63413507
|c 20011209
|g PSBO
|
| 801 |
|
2 |
|a RU
|b 63413507
|c 20160726
|g PSBO
|
| 942 |
|
|
|c BK
|